History - General Knowledge - Statistics

General Stats
  • This quiz has been taken 182 times
    157 since last reset
  • The average score is 14 of 18
Answer Stats
Hint Answer % Correct
Who was the UK Prime Minister during World War II? Winston Churchill
95%
Which Italian leader largely helped Adolf Hitler and the Nazi Party in World War II? Benito Mussolini
94%
Which pandemic disease (originating from rats) reduced the world population DRASTICALLY? Bubonic plague
94%
What major religion did Muhammad found? Islam
94%
What empire controlled Turkey before it became the country of Turkey? Ottoman Empire
91%
What was the surname of Napoleon (from the French Revolution)? Bonaparte
90%
Which Roman dictator was murdered on the Ides of March? Julius Caesar
87%
World War I began with the assassination of the archduke (and his wife) of which country? Austria-Hungary
83%
Where were the Great Pyramids built? Giza
83%
Which astronomer confirmed the theory that the Earth revolved around the Sun - and was imprisoned by the Catholic Church for it? Galileo Galilei
82%
What ruthless group invaded much of Asia and Europe in the 13th and 14th centuries? The Mongols
82%
Name one of the rivers that civilization was centered around. Tigris | Euphrates
80%
Which explorer led the first expedition around the world? Ferdinand Magellan
60%
And what empire controlled Turkey BEFORE the empire above? Byzantine Empire
55%
What famous speech did Abraham Lincoln deliver in 1863? Gettysburg Address
54%
What was the first major civilization? Mesopotamia
53%
In Greek mythology, who was the god of wine? Dionysus
47%
What does USSR stand for? Union of Soviet Socialist Republics
46%
No matching quizzes found
Score Distribution
Percent of People with Each Score
Percentile by Number Answered
Your Score History
You have not taken this quiz since the last reset